| 000 | 00813cas a22001935a 4500 | ||
|---|---|---|---|
| 001 | L149478 | ||
| 008 | 070613c1963 xxkwr p 0 a0eng | ||
| 022 | 1 | _a0748-318X | |
| 035 | _a(Sirsi) u149478 | ||
| 041 | 0 | _aeng | |
| 245 |
_aReal Estate Finance _h[electronic resource] |
||
| 260 |
_aNew York _bAspen Publishers _c2002- |
||
| 520 | _aCoverage of real estate investment and financing techniques. Critical intelligence on financial restructuring, securitization trends, IRS rulings, REIT's joint ventures, commercial property valuation. US focused. | ||
| 651 | 4 |
_aUnited States _y1959- |
|
| 690 | _aPROPERTY-PROPERTY MANAGEMENT-MANAGING AGENTS | ||
| 856 | 4 | 1 |
_uhttps://www.rics.org/profession-standards/knowledge-and-information-services _zHow to access eJournals |
| 942 |
_n0 _2ddc |
||
| 948 | _c08/03/2010 | ||
| 999 |
_c119273 _d119273 |
||